000
00327nam a2200109Ia 4500
008
200302s9999 xx 000 0 und d
100
_a
Kendra Schank Smith
245
_a
Architects' Drawings - A selection of Sketches by world Famous Architects through History
260
_b
Architectural Press
260
_c
2016
300
_a
270 P
999
_c
4341
_d
4341